Fr. Conceicao Rodrigues College of Engineering

At The Crossroads Of Infinitives (Record no. 26331)

MARC details
000 -LEADER
fixed length control field 00275nam a2200133Ia 4500
082 ## - DEWEY DECIMAL CLASSIFICATION NUMBER
Classification number 520
100 ## - MAIN ENTRY--PERSONAL NAME
Personal name Parnov/E.I
245 ## - TITLE STATEMENT
Title At The Crossroads Of Infinitives
260 ## - PUBLICATION, DISTRIBUTION, ETC.
Name of publisher, distributor, etc. Mir Publishers
300 ## - PHYSICAL DESCRIPTION
Extent 396
546 ## - LANGUAGE NOTE
Language note ENGLISH
654 ## - SUBJECT ADDED ENTRY--FACETED TOPICAL TERMS
Focus term Infinitives
942 ## - ADDED ENTRY ELEMENTS (KOHA)
Koha item type BOOK
Holdings
Withdrawn status Lost status Damaged status Not for loan Collection Home library Current library Date acquired Cost, normal purchase price Total Checkouts Full call number Barcode Date last seen Cost, replacement price Price effective from Koha item type
        AFT Fr. Agnel's C.Rodrigues College of Engineering Fr. Agnel's C.Rodrigues College of Engineering 17/03/2023 3.00   520 AFT1085 17/03/2023 3.00 17/03/2023 BOOK